| 000 | 00630nam a22001577a 4500 | ||
|---|---|---|---|
| 003 | OSt | ||
| 005 | 20151104105912.0 | ||
| 008 | 151104b xxu||||| |||| 00| 0 eng d | ||
| 040 | _cRUA | ||
| 082 | _aFOR TON 1997 B124 Or.1 | ||
| 100 |
_93330 _aTONG, YI. |
||
| 245 | _apreliminary preassessment of fuel wood demand in phnom penh (វិភាគទាននៃការធ្វើជំរឿនឡើងវិញ សេចក្តីត្រូវការ ឈើថាមពលសំរាប់រាជធានីភ្នំពេញ) | ||
| 260 |
_aPhnom Penh _bRUA _c1997 |
||
| 300 |
_a34p. _bill. _c29cm. |
||
| 942 |
_2ddc _cFOR |
||
| 999 |
_c3107 _d3107 |
||